Państwa z 1 sąsiadem - Statystyki

Ogólne statystyki
  • Ten quiz został rozwiązany 134 razy
    50 od ostatniego zresetowania
  • Średni wynik to 8 z 9
Statystyki odpowiedzi
Wskazówka Odpowiedź % Poprawnych
Włochy Watykan
100%
Korea Północna Korea Południowa
98%
Hiszpania Portugalia
98%
Arabia Saudyjska Katar
91%
Francja Monako
91%
Republika Południowej Afryki Lesotho
88%
Indonezja Timor Wschodni
77%
Malezja Brunei
74%
Senegal Gambia
74%
Nie znaleziono quizów pasujących do podanych kryteriów
Rozkład punktacji
Procent ludzi z każdym wynikiem
Percentyl według liczby udzielonych odpowiedzi
Twoja historia wyników
Nie rozwiązałeś tego quizu od ostatniego zresetowania